Religion and rational theology /

Bibliographic Details
Main Author: Kant, Immanuel, 1724-1804
Other Authors: Wood, Allen W., Di Giovanni, George, 1935-
Format: Book
Language:English
Language Notes:Translated from the German.
Published: Cambridge ; New York, NY : Cambridge University Press, 2001.
Edition:1st pbk. ed.
Series:Kant, Immanuel, 1724-1804. Works. 1992.
Subjects:

MARC

Tag First Indicator Second Indicator Subfields
LEADER 00000cam a22000004a 4500
001 in00002058748
005 20151102050303.0
008 950726r20011996enk b 001 0 eng
015 |a GBA0-W0999 
020 |a 0521799988 (pbk.) 
029 0 |a UKM  |b bA0W0999 
035 |a (OCoLC)ocm45304965 
040 |a UKM  |c UKM  |d OCL  |d BOS  |d OCL  |d DAY  |d MUQ  |d TXA  |d UtOrBLW 
041 1 |a eng  |h ger 
042 |a pcc 
049 |a TXAM 
050 4 |a B2799.R4  |b K3613 2001 
082 0 4 |a 210  |2 21 
100 1 |a Kant, Immanuel,  |d 1724-1804. 
240 1 0 |a Essays.  |k Selections.  |l English 
245 1 0 |a Religion and rational theology /  |c Immanuel Kant ; translated and edited by Allen Wood, George Di Giovanni. 
250 |a 1st pbk. ed. 
264 1 |a Cambridge ;  |a New York, NY :  |b Cambridge University Press,  |c 2001. 
300 |a xxiv, 518 pages ;  |c 24 cm. 
336 |a text  |b txt  |2 rdacontent 
337 |a unmediated  |b n  |2 rdamedia 
338 |a volume  |b nc  |2 rdacarrier 
490 1 |a The Cambridge edition of the works of Immanuel Kant 
546 |a Translated from the German. 
500 |a This translation originally published: 1996. 
504 |a Includes bibliographical references (pages 455-483) and indexes. 
650 0 |a Religion  |x Philosophy. 
650 0 |a Theology. 
650 0 |a Reason. 
650 6 |a Religion  |x Philosophie. 
650 6 |a Théologie. 
650 6 |a Raison. 
700 1 |a Wood, Allen W. 
700 1 |a Di Giovanni, George,  |d 1935- 
800 1 |a Kant, Immanuel,  |d 1724-1804.  |t Works.  |l English.  |f 1992. 
948 |a cataloged  |b h  |c 2005/10/24  |d c  |e mphillip  |f 7:29:31 pm 
994 |a C0  |b TXA 
999 |a MARS 
999 f f |s daaf31a4-3cb4-3ef6-9ce6-a91ace662616  |i a1f84bec-c0d2-351a-b283-a2b6bd6e35af  |t 0 
952 f f |p normal  |a Texas A&M University  |b College Station  |c Sterling C. Evans Library  |d Evans: Library Stacks  |t 0  |e B2799.R4 K3613 2001  |h Library of Congress classification  |i unmediated -- volume  |m A14833236564 
998 f f |a B2799.R4 K3613 2001  |t 0  |l Evans: Library Stacks